| 000 | 00494nam a2200181Ia 4500 | ||
|---|---|---|---|
| 003 | OSt | ||
| 005 | 20200619153615.0 | ||
| 008 | 190216s9999||||xx |||||||||||||| ||und|| | ||
| 020 | _a333903986 | ||
| 040 | _coclc | ||
| 082 |
_a954 _bWEB/I |
||
| 100 |
_aWebster, John C B _93082 |
||
| 245 | 0 |
_aAn Introduction To History / _c John C B Webster |
|
| 250 | _a2nd Ed. | ||
| 260 |
_bMacmillan, _c1981. _aDelhi: |
||
| 300 | _a176p | ||
| 942 |
_cBK _2ddc _h954 _iWEB/I _k954 _mWEB/I |
||
| 999 |
_c19526 _d19526 |
||